<?xml version="1.0" encoding="UTF-8"?>
<collection xmlns="http://www.loc.gov/MARC21/slim">
 <record>
  <leader>01904nam a22002537a 4500</leader>
  <controlfield tag="001">NCT_34120</controlfield>
  <controlfield tag="008">180428b        xxu||||| |||| 00| 0 vie d</controlfield>
  <datafield tag="999" ind1=" " ind2=" ">
   <subfield code="c">1647</subfield>
   <subfield code="d">1647</subfield>
  </datafield>
  <datafield tag="020" ind1=" " ind2=" ">
   <subfield code="c">91000</subfield>
  </datafield>
  <datafield tag="082" ind1="0" ind2="4">
   <subfield code="2">23rd ed.</subfield>
   <subfield code="a">616.9</subfield>
   <subfield code="b">D513</subfield>
  </datafield>
  <datafield tag="100" ind1="1" ind2=" ">
   <subfield code="a">Nguyễn Huy Dung</subfield>
  </datafield>
  <datafield tag="245" ind1="1" ind2="0">
   <subfield code="a">Bệnh mạch vành</subfield>
   <subfield code="c">Nguyễn Huy Dung</subfield>
  </datafield>
  <datafield tag="250" ind1=" " ind2=" ">
   <subfield code="a">Tái bản lần thứ năm có cập nhật và bổ sung</subfield>
  </datafield>
  <datafield tag="260" ind1=" " ind2=" ">
   <subfield code="a">H.</subfield>
   <subfield code="b">Y học</subfield>
   <subfield code="c">2011</subfield>
  </datafield>
  <datafield tag="300" ind1=" " ind2=" ">
   <subfield code="a">471 tr.</subfield>
   <subfield code="b">Minh họa</subfield>
   <subfield code="c">21cm</subfield>
  </datafield>
  <datafield tag="520" ind1="3" ind2=" ">
   <subfield code="a">Đây là sách tra cứu như từ điển thực hành, lại là loại &quot;cẩm nang&quot;, nên chỉ gồm những kiến thức nào đã được khẳng định những dữ liệu của &quot;Y học bằng chứng&quot; và sử dụng 33 bảng và nhiều hình ảnh, sơ đồ, biểu đồ. Danh mục các từ để tra như từ điển để ở cuối sách, nhưng ngay suốt dọc cuốn sách đã sắp xếp nội dung gọn vào các từ mục đó.</subfield>
  </datafield>
  <datafield tag="653" ind1=" " ind2=" ">
   <subfield code="a">Y đa khoa</subfield>
  </datafield>
  <datafield tag="942" ind1=" " ind2=" ">
   <subfield code="2">ddc</subfield>
   <subfield code="c">BK</subfield>
  </datafield>
  <datafield tag="952" ind1=" " ind2=" ">
   <subfield code="0">0</subfield>
   <subfield code="1">0</subfield>
   <subfield code="2">ddc</subfield>
   <subfield code="4">0</subfield>
   <subfield code="6">616_900000000000000_D513</subfield>
   <subfield code="7">0</subfield>
   <subfield code="9">7831</subfield>
   <subfield code="a">000001</subfield>
   <subfield code="b">000001</subfield>
   <subfield code="d">2018-04-28</subfield>
   <subfield code="o">616.9 D513</subfield>
   <subfield code="p">MD.11851</subfield>
   <subfield code="r">2018-04-28</subfield>
   <subfield code="v">91000.00</subfield>
   <subfield code="w">2018-04-28</subfield>
   <subfield code="y">BK</subfield>
  </datafield>
  <datafield tag="952" ind1=" " ind2=" ">
   <subfield code="0">0</subfield>
   <subfield code="1">0</subfield>
   <subfield code="2">ddc</subfield>
   <subfield code="4">0</subfield>
   <subfield code="6">616_900000000000000_D513</subfield>
   <subfield code="7">0</subfield>
   <subfield code="9">7832</subfield>
   <subfield code="a">000001</subfield>
   <subfield code="b">000001</subfield>
   <subfield code="d">2018-04-28</subfield>
   <subfield code="o">616.9 D513</subfield>
   <subfield code="p">MD.11852</subfield>
   <subfield code="r">2018-04-28</subfield>
   <subfield code="v">91000.00</subfield>
   <subfield code="w">2018-04-28</subfield>
   <subfield code="y">BK</subfield>
  </datafield>
  <datafield tag="952" ind1=" " ind2=" ">
   <subfield code="0">0</subfield>
   <subfield code="1">0</subfield>
   <subfield code="2">ddc</subfield>
   <subfield code="4">0</subfield>
   <subfield code="6">616_900000000000000_D513</subfield>
   <subfield code="7">0</subfield>
   <subfield code="9">7833</subfield>
   <subfield code="a">000001</subfield>
   <subfield code="b">000001</subfield>
   <subfield code="d">2018-04-28</subfield>
   <subfield code="o">616.9 D513</subfield>
   <subfield code="p">MD.11853</subfield>
   <subfield code="r">2018-04-28</subfield>
   <subfield code="v">91000.00</subfield>
   <subfield code="w">2018-04-28</subfield>
   <subfield code="y">BK</subfield>
  </datafield>
  <datafield tag="952" ind1=" " ind2=" ">
   <subfield code="0">0</subfield>
   <subfield code="1">0</subfield>
   <subfield code="2">ddc</subfield>
   <subfield code="4">0</subfield>
   <subfield code="6">616_900000000000000_D513</subfield>
   <subfield code="7">0</subfield>
   <subfield code="9">7834</subfield>
   <subfield code="a">000001</subfield>
   <subfield code="b">000001</subfield>
   <subfield code="d">2018-04-28</subfield>
   <subfield code="o">616.9 D513</subfield>
   <subfield code="p">MD.11854</subfield>
   <subfield code="r">2018-04-28</subfield>
   <subfield code="v">91000.00</subfield>
   <subfield code="w">2018-04-28</subfield>
   <subfield code="y">BK</subfield>
  </datafield>
  <datafield tag="952" ind1=" " ind2=" ">
   <subfield code="0">0</subfield>
   <subfield code="1">0</subfield>
   <subfield code="2">ddc</subfield>
   <subfield code="4">0</subfield>
   <subfield code="6">616_900000000000000_D513</subfield>
   <subfield code="7">0</subfield>
   <subfield code="9">7835</subfield>
   <subfield code="a">000001</subfield>
   <subfield code="b">000001</subfield>
   <subfield code="d">2018-04-28</subfield>
   <subfield code="o">616.9 D513</subfield>
   <subfield code="p">MD.11855</subfield>
   <subfield code="r">2018-04-28</subfield>
   <subfield code="v">91000.00</subfield>
   <subfield code="w">2018-04-28</subfield>
   <subfield code="y">BK</subfield>
  </datafield>
  <datafield tag="980" ind1=" " ind2=" ">
   <subfield code="a">Thư viện Trường Đại học Nam Cần Thơ</subfield>
  </datafield>
 </record>
</collection>
